000 00654nam a2200217Ia 4500
001 15410
003 GE_BSU
008 181216s||||||||xx |||||||||||||| ||und||
040 _cGE_BSU
080 _a821.353.1-32
100 _aშამანაძე,ნოდარ
245 _aგატეხილი სეიფი. მოთხრობები
245 _bმოთხრობები
245 _cრედ.ლია არაბიძე
260 _aთბილისი
260 _bმერანი
260 _c1990
300 _a447გვ.21სმ.
653 _aგატეხილი სეიფი
942 _cBK
999 _c48513
_d48513